[Event "Junior Online 4NCL Division 4"]
[Site "online"]
[Date "2021.09.02"]
[EventDate "2021.09.02"]
[Round "2.111"]
[White "Kulkarni, Arnav"]
[WhiteElo "1033"]
[WhiteTeam "Young Dragons D"]
[Black "Reeves, Hollyann"]
[BlackElo "1383"]
[BlackTeam "Wolfpack Juniors"]
[Result "1-0"]
[PlyCount "59"]

1. e4 e5 2. Nf3 Nc6 3. Bc4 Bc5 4. O-O Nf6 5. Nc3 d6 6. d3 Bg4 7. Be3 h6 8. Bxc5 dxc5 9. Re1 Nd4 10. Bxf7+ Kxf7 11. Nxe5+ Ke8 12. Nxg4 Rf8 13. e5 Nd5 14. e6 Nc6 15. Ne5 Rf6 16. Nxd5 Rxe6 17. Nxc7+ Qxc7 18. Qh5+ Kf8 19. Ng6+ Kf7 20. Nf4+ g6 21. Nxe6 gxh5 22. Nxc7 Rc8 23. Nd5 Nd4 24. Re7+ Kg6 25. c3 Nf5 26. Rae1 Rd8 27. R1e6+ Kg5 28. Re5 c4 29. Rg7+ Kh4 30. Re4# 1-0

[Event "Junior Online 4NCL Division 4"]
[Site "online"]
[Date "2021.09.02"]
[EventDate "2021.09.02"]
[Round "2.112"]
[White "Mahadevan, Rohit"]
[WhiteElo "1180"]
[WhiteTeam "Wolfpack Juniors"]
[Black "Kong, Emma"]
[BlackElo "1030"]
[BlackTeam "Young Dragons D"]
[Result "0-1"]
[PlyCount "104"]

1. d4 d5 2. Bf4 c6 3. e3 Bf5 4. Nf3 Nf6 5. Nbd2 e6 6. c4 dxc4 7. Bxc4 b5 8. Bb3 Bd6 9. Bg3 O-O 10. Bc2 Bxc2 11. Qxc2 h6 12. e4 Bb4 13. O-O-O Nbd7 14. a3 Ba5 15. Qxc6 Rc8 16. Qxc8 Qxc8+ 17. Kb1 Bxd2 18. Rxd2 Nxe4 19. Rc2 Qb7 20. Bf4 Rc8 21. Rxc8+ Qxc8 22. Rc1 Qa8 23. Be3 Qb7 24. Ne5 Nxe5 25. dxe5 Ng5 26. f4 Nh7 27. g3 f6 28. Rc5 Qe4+ 29. Rc2 Qxe3 30. exf6 gxf6 31. Rc8+ Kf7 32. Rc7+ Kg6 33. Rc6 Qe4+ 34. Rc2 Qh1+ 35. Rc1 Qxh2 36. Rf1 Qxg3 37. Kc2 Kf5 38. Kd2 Qg2+ 39. Ke1 Qxb2 40. Rf3 Qb1+ 41. Kf2 Qa2+ 42. Kg3 Qd5 43. Re3 h5 44. Kh4 Kxf4 45. Rh3 e5 46. Kxh5 e4+ 47. Kh6 Qg5+ 48. Kxh7 Kf5 49. Rh6 e3 50. Rg6 Qxg6+ 51. Kh8 Ke6 52. a4 Kf7 0-1

[Event "Junior Online 4NCL Division 4"]
[Site "online"]
[Date "2021.09.02"]
[EventDate "2021.09.02"]
[Round "2.113"]
[White "Hoccom, Sebastian"]
[WhiteElo "1040"]
[WhiteTeam "Young Dragons D"]
[Black "Mahadevan, Meikum"]
[BlackElo "1113"]
[BlackTeam "Wolfpack Juniors"]
[Result "1-0"]
[PlyCount "103"]

1. e4 e5 2. Nf3 Nc6 3. Nc3 d6 4. h3 f5 5. exf5 Bxf5 6. d4 Be7 7. dxe5 dxe5 8. Qxd8+ Bxd8 9. Bd3 Bxd3 10. cxd3 Nf6 11. Bg5 O-O 12. Bxf6 Bxf6 13. O-O Rad8 14. Nb5 Rxd3 15. Nxc7 Rd7 16. Ne6 Re8 17. Nc5 Rc7 18. Rac1 e4 19. Rfe1 Ree7 20. Nxe4 Bxb2 21. Rc2 Bf6 22. Nxf6+ gxf6 23. Rxe7 Rxe7 24. Rb2 Ne5 25. Nxe5 fxe5 26. Rc2 Kg7 27. Rc3 Kf6 28. h4 Kf5 29. g3 Kg4 30. Rc4+ Kf3 31. Rc3+ Ke4 32. Kg2 Kd4 33. Ra3 b6 34. Ra4+ Kd3 35. Ra3+ Kd2 36. f3 Kc2 37. Re3 Kb2 38. a4 Kc2 39. f4 Rd7 40. fxe5 Rd2+ 41. Kf3 Rd4 42. e6 Rd8 43. Ke4 Re8 44. Kf5 Kd2 45. Re5 Kd3 46. e7 Kc4 47. Kf6 Kb4 48. Kf7 Kxa4 49. Kxe8 b5 50. Kd7 b4 51. e8=Q b3 52. Ke7+ 1-0

[Event "Junior Online 4NCL Division 4"]
[Site "online"]
[Date "2021.09.02"]
[EventDate "2021.09.02"]
[Round "2.114"]
[White "Marsden, Rupert"]
[WhiteElo "1042"]
[WhiteTeam "Wolfpack Juniors"]
[Black "Davies, Louise"]
[BlackElo "471"]
[BlackTeam "Young Dragons D"]
[Result "1-0"]
[PlyCount "47"]

1. d4 d5 2. Bf4 Nf6 3. Nf3 Nc6 4. e3 Bf5 5. Bd3 Bg4 6. Nbd2 e6 7. h3 Bh5 8. Be2 Bb4 9. c3 Ba5 10. Ne5 Bxe2 11. Qxe2 Nxe5 12. Bxe5 O-O 13. g4 c6 14. h4 Re8 15. Bxf6 Qxf6 16. g5 Qf5 17. f4 Rad8 18. h5 g6 19. hxg6 fxg6 20. Qh2 Qc2 21. Qxh7+ Kf8 22. Qh8+ Ke7 23. Rh7+ Kd6 24. Qe5# 1-0

[Event "Junior Online 4NCL Division 4"]
[Site "online"]
[Date "2021.09.02"]
[EventDate "2021.09.02"]
[Round "2.115"]
[White "Reeves, Hollyann"]
[WhiteElo "1383"]
[WhiteTeam "Wolfpack Juniors"]
[Black "Kulkarni, Arnav"]
[BlackElo "1033"]
[BlackTeam "Young Dragons D"]
[Result "0-1"]
[PlyCount "154"]

1. e4 e5 2. Nf3 Nc6 3. Bc4 Nf6 4. Nc3 Bc5 5. d3 h6 6. h3 O-O 7. O-O d6 8. Nd5 Be6 9. Nxf6+ Qxf6 10. Bxe6 Qxe6 11. c4 Nd4 12. Nxd4 Bxd4 13. Rb1 b6 14. b3 Qg6 15. Qf3 Rfe8 16. Kh1 Re6 17. Be3 Rf6 18. Qe2 Bxe3 19. fxe3 Re8 20. Rxf6 Qxf6 21. Rf1 Qg6 22. Qg4 Qxg4 23. hxg4 Re6 24. Kh2 Rf6 25. Re1 Rf2 26. d4 exd4 27. exd4 Rxa2 28. d5 Rf2 29. e5 dxe5 30. Rxe5 Kf8 31. g5 hxg5 32. Rxg5 Re2 33. Rh5 Ke7 34. Rh7 g6 35. Rh8 Rb2 36. Rh3 Kd6 37. Rh7 Ke7 38. Rh3 Kf6 39. Rf3+ Ke7 40. Re3+ Kf8 41. Rd3 Kg7 42. Kh3 Rf2 43. d6 cxd6 44. Rxd6 Rb2 45. Rd3 Kf6 46. Rf3+ Ke6 47. Re3+ Kf5 48. Rf3+ Ke6 49. Re3+ Kf6 50. Rf3+ Kg7 51. g4 f5 52. gxf5 gxf5 53. Kh4 Rh2+ 54. Kg3 Rb2 55. Kf4 Kf6 56. Rd3 Ke6 57. Re3+ Kf6 58. Rd3 Rf2+ 59. Kg3 Rf1 60. Rd6+ Ke5 61. Rd5+ Ke4 62. b4 f4+ 63. Kg2 Rc1 64. Rd7 Rxc4 65. b5 Rc2+ 66. Kf1 Rb2 67. Re7+ Kf3 68. Ke1 Rxb5 69. Rxa7 Ke3 70. Re7+ Kf3 71. Re2 Rb1+ 72. Kd2 Rb2+ 73. Ke1 Rxe2+ 74. Kf1 b5 75. Kg1 b4 76. Kh1 Kg3 77. Kg1 Re1# 0-1

[Event "Junior Online 4NCL Division 4"]
[Site "online"]
[Date "2021.09.02"]
[EventDate "2021.09.02"]
[Round "2.116"]
[White "Kong, Emma"]
[WhiteElo "1030"]
[WhiteTeam "Young Dragons D"]
[Black "Mahadevan, Rohit"]
[BlackElo "1180"]
[BlackTeam "Wolfpack Juniors"]
[Result "1-0"]
[PlyCount "105"]

1. e4 e5 2. Nf3 Nc6 3. Bc4 Bc5 4. c3 Nf6 5. d4 exd4 6. cxd4 Be7 7. e5 Ne4 8. Qd3 Ng5 9. Nxg5 Bxg5 10. Bxf7+ Kxf7 11. Qf5+ Bf6 12. exf6 Qxf6 13. Qd5+ Qe6+ 14. Qxe6+ dxe6 15. Be3 Rd8 16. Nc3 Nxd4 17. O-O-O Nc6 18. Rxd8 Nxd8 19. Rd1 Nc6 20. Nb5 Nb4 21. Nxc7 Rb8 22. Bxa7 Nxa2+ 23. Kb1 Nb4 24. Bxb8 Ke7 25. Nb5 Bd7 26. Nc3 Nc6 27. Bd6+ Ke8 28. Nb5 Ne7 29. Bxe7 Kxe7 30. Nd4 e5 31. Re1 Kd6 32. Nf3 Bf5+ 33. Ka2 Be6+ 34. Ka3 Kc5 35. Rxe5+ Bd5 36. b4+ Kc4 37. Nd2+ Kd4 38. Re7 Kc3 39. Nf3 Kd3 40. Rxg7 Ke2 41. Rxh7 Kxf2 42. Rg7 Bxf3 43. gxf3 Kxf3 44. h4 Kf4 45. h5 Kf5 46. h6 Kf6 47. Rg1 Kf7 48. h7 Kf6 49. h8=Q+ Kf5 50. Qf8+ Ke4 51. Re1+ Kd4 52. Qd8+ Kc3 53. Rc1# 1-0

[Event "Junior Online 4NCL Division 4"]
[Site "online"]
[Date "2021.09.02"]
[EventDate "2021.09.02"]
[Round "2.117"]
[White "Mahadevan, Meikum"]
[WhiteElo "1113"]
[WhiteTeam "Wolfpack Juniors"]
[Black "Hoccom, Sebastian"]
[BlackElo "1040"]
[BlackTeam "Young Dragons D"]
[Result "0-1"]
[PlyCount "84"]

1. d4 d5 2. Bf4 Nf6 3. e3 a6 4. Nf3 Bg4 5. Nbd2 Nc6 6. c4 dxc4 7. Bxc4 Bxf3 8. Nxf3 e6 9. O-O Bd6 10. Bg3 Bxg3 11. fxg3 O-O 12. Ne5 Nxe5 13. dxe5 Qxd1 14. Raxd1 Ng4 15. Rde1 Rad8 16. h3 Nxe5 17. Be2 Rd2 18. Bf3 Nxf3+ 19. Rxf3 Rxb2 20. Rc1 c6 21. Rff1 Rxa2 22. Rb1 b5 23. Rfc1 Rc8 24. Rb3 c5 25. Rd3 c4 26. Rd7 h6 27. Rf1 Rf8 28. Rfd1 c3 29. Rc1 b4 30. Rb7 a5 31. Kf1 c2 32. Rc7 b3 33. Rb7 a4 34. Ke1 b2 35. Rxc2 b1=Q+ 36. Rxb1 Rxc2 37. Kf1 Rd8 38. Ra1 a3 39. Kg1 a2 40. Kh2 Rb8 41. Rh1 Rb1 42. Rd1 Rxd1 0-1

[Event "Junior Online 4NCL Division 4"]
[Site "online"]
[Date "2021.09.02"]
[EventDate "2021.09.02"]
[Round "2.118"]
[White "Davies, Louise"]
[WhiteElo "471"]
[WhiteTeam "Young Dragons D"]
[Black "Marsden, Rupert"]
[BlackElo "1042"]
[BlackTeam "Wolfpack Juniors"]
[Result "0-1"]
[PlyCount "88"]

1. e4 c6 2. d3 d5 3. Nc3 dxe4 4. Nxe4 Nf6 5. Bf4 e6 6. Nf3 Be7 7. Ne5 Nbd7 8. g4 Qa5+ 9. b4 Bxb4+ 10. c3 Bxc3+ 11. Nxc3 Qxc3+ 12. Ke2 Nxe5 13. Rc1 Qa5 14. Bg2 Bd7 15. Re1 Ng6 16. Bd6 Nd5 17. Kf1 Ngf4 18. Bxd5 Nxd5 19. Re5 Qd8 20. Qf3 Qf6 21. Qh3 Nf4 22. Qf3 Nd5 23. Qe4 Qf4 24. Qxf4 Nxf4 25. Rc4 Nxd3 26. Re3 b5 27. Rc3 Nb2 28. Rc2 Nc4 29. Rec3 Nxd6 30. Rd3 Nc4 31. Rcd2 O-O 32. Rxd7 Nxd2+ 33. Rxd2 Rfd8 34. Re2 Rd1+ 35. Kg2 Rad8 36. Rc2 R1d2 37. Rxc6 Rxa2 38. Rc7 h6 39. Rb7 Rdd2 40. Rxb5 Rxf2+ 41. Kh3 Rxh2+ 42. Kg3 Rhg2+ 43. Kh4 g5+ 44. Kh5 Rh2# 0-1

[Event "Junior Online 4NCL Division 4"]
[Site "online"]
[Date "2021.09.02"]
[EventDate "2021.09.02"]
[Round "2.121"]
[White "Quin, Wilder"]
[WhiteElo "1227"]
[WhiteTeam "Wanstead Warriors 3"]
[Black "Buchan, William Zhao"]
[BlackElo "1148"]
[BlackTeam "London Dragons Dysprosium"]
[Result "1-0"]
[PlyCount "103"]

1. e4 e5 2. Nc3 Nf6 3. f4 exf4 4. e5 Ng8 5. Nf3 Nc6 6. d4 d6 7. Bxf4 dxe5 8. dxe5 Qxd1+ 9. Rxd1 Bf5 10. Bd3 g6 11. Bxf5 gxf5 12. O-O Nb4 13. Nb5 Na6 14. a3 Bc5+ 15. Kh1 f6 16. exf6 Nxf6 17. Rfe1+ Kf7 18. Nxc7 Nxc7 19. Bxc7 Nh5 20. Rd5 b6 21. Rxf5+ Kg6 22. Rg5+ Kf7 23. Rxh5 Rac8 24. Bf4 Rhd8 25. Rxh7+ Kf6 26. Rxa7 Rc6 27. h3 b5 28. Rb7 Rd5 29. Rxb5 Kf5 30. Bg3 Rg6 31. Re5+ Kf6 32. Rxd5 Rxg3 33. Rbxc5 Rg8 34. Rd6+ Ke7 35. Ra6 Rd8 36. Rc7+ Ke8 37. Raa7 Kf8 38. Rf7+ Kg8 39. Rg7+ Kf8 40. Raf7+ Ke8 41. Re7+ Kf8 42. Rh7 Rd1+ 43. Kh2 Rd8 44. Ref7+ Kg8 45. Rhg7+ Kh8 46. Ng5 Rd6 47. Rh7+ Kg8 48. Rfg7+ Kf8 49. Rd7 Rg6 50. Rhf7+ Ke8 51. Nh7 Rg8 52. Nf6# 1-0

[Event "Junior Online 4NCL Division 4"]
[Site "online"]
[Date "2021.09.02"]
[EventDate "2021.09.02"]
[Round "2.122"]
[White "Song, Ruien"]
[WhiteElo "1018"]
[WhiteTeam "London Dragons Dysprosium"]
[Black "Fearn, Elliot"]
[BlackElo "1100"]
[BlackTeam "Wanstead Warriors 3"]
[Result "1-0"]
[PlyCount "101"]

1. e4 e6 2. Nc3 d5 3. exd5 exd5 4. Nf3 Nf6 5. d3 Bb4 6. a3 Bxc3+ 7. bxc3 O-O 8. Be2 Qe8 9. O-O Bg4 10. h3 Bxf3 11. Bxf3 Nc6 12. Re1 Qd7 13. d4 Rae8 14. Rxe8 Rxe8 15. Bg5 Ne4 16. Bg4 Qe7 17. Bxe7 Rxe7 18. Qd3 h6 19. Bf5 Ng5 20. f4 Ne6 21. Bh7+ Kh8 22. Bf5 Nxf4 23. Qf3 Ne2+ 24. Kh2 g6 25. Bd3 Nxc3 26. Qf6+ Kh7 27. Bxg6+ fxg6 28. Qxe7+ Nxe7 29. Re1 Nf5 30. g4 Nh4 31. Kg3 g5 32. Re7+ Kg8 33. Rxc7 b5 34. Rxc3 a5 35. Rc5 b4 36. Rxa5 bxa3 37. Rxa3 Kf7 38. Ra5 Ke6 39. Ra6+ Kd7 40. Ra4 Kc6 41. c4 dxc4 42. Rxc4+ Kd5 43. Ra4 Ke4 44. Kf2 Kf4 45. d5+ Ke5 46. Ra5 Kf4 47. d6 Ke4 48. d7 Kf4 49. d8=R Ke4 50. Re8+ Kf4 51. Ra4# 1-0

[Event "Junior Online 4NCL Division 4"]
[Site "online"]
[Date "2021.09.02"]
[EventDate "2021.09.02"]
[Round "2.124"]
[White "Yang, Mingkun"]
[WhiteElo "708"]
[WhiteTeam "London Dragons Dysprosium"]
[Black "Shivhare, Shaurya"]
[BlackElo "1075"]
[BlackTeam "Wanstead Warriors 3"]
[Result "1/2-1/2"]
[PlyCount "100"]

1. e4 c5 2. Bc4 Nc6 3. Nf3 h6 4. O-O Nf6 5. d3 e6 6. Nc3 a6 7. Be3 Bd6 8. d4 cxd4 9. Bxd4 Nxd4 10. Nxd4 O-O 11. Nf3 Ne8 12. e5 Bc5 13. Na4 b5 14. Nxc5 bxc4 15. b3 c3 16. Qd3 a5 17. Qxc3 Ba6 18. Nxa6 Rxa6 19. b4 Rc6 20. Qa3 axb4 21. Qxb4 Rb6 22. Qa3 f6 23. exf6 Qxf6 24. Nd2 Qg5 25. Qe3 Qxe3 26. fxe3 Rxf1+ 27. Kxf1 e5 28. Nc4 Rf6+ 29. Kg1 Rc6 30. Nxe5 Rxc2 31. Rb1 Nf6 32. Rb8+ Kh7 33. Rb1 Re2 34. Rf1 Rxe3 35. Rd1 Rxe5 36. a4 Ng4 37. h3 Ne3 38. Re1 Re4 39. a5 Ra4 40. Rxe3 Rxa5 41. Re7 d5 42. Rd7 Rc5 43. Rd8 Rc6 44. Rxd5 Rc1+ 45. Kf2 Rc2+ 46. Kg3 Rc3+ 47. Kh2 Rb3 48. Ra5 Rd3 49. Rc5 Rd1 50. Rc8 Rd2 1/2-1/2

[Event "Junior Online 4NCL Division 4"]
[Site "online"]
[Date "2021.09.02"]
[EventDate "2021.09.02"]
[Round "2.125"]
[White "Buchan, William Zhao"]
[WhiteElo "1148"]
[WhiteTeam "London Dragons Dysprosium"]
[Black "Quin, Wilder"]
[BlackElo "1227"]
[BlackTeam "Wanstead Warriors 3"]
[Result "0-1"]
[PlyCount "108"]

1. e4 e6 2. Nc3 d5 3. e5 c5 4. Bb5+ Bd7 5. Nf3 Bxb5 6. Nxb5 Qb6 7. Na3 Nc6 8. c3 Nh6 9. d3 Nf5 10. c4 d4 11. O-O Be7 12. Bf4 O-O 13. Bg5 Bxg5 14. Nxg5 h6 15. Nf3 Qxb2 16. Nc2 Qb6 17. Rb1 Qc7 18. Na3 a6 19. Nc2 Qa5 20. a3 Qc7 21. Re1 Rab8 22. a4 Qa5 23. Na3 Nfe7 24. Re2 Ng6 25. Rbb2 Qc7 26. Qe1 Nf4 27. Rec2 Nxd3 28. Qd2 Nxb2 29. Rxb2 Nxe5 30. Nxe5 Qxe5 31. h3 Rfd8 32. Nc2 d3 33. Ne3 a5 34. Ng4 Qe2 35. Qxe2 dxe2 36. Rxe2 Rd1+ 37. Kh2 Rc1 38. Ne5 f6 39. Nd7 Rd8 40. Nxc5 Rxc4 41. Nxe6 Re8 42. Nd4 Rxe2 43. Nxe2 Rxa4 44. Nc3 Rc4 45. Nd5 Rc2 46. Ne3 Rxf2 47. Nc4 a4 48. Na5 a3 49. Nc4 a2 50. Na5 a1=Q 51. Nxb7 Qb2 52. Nd6 Rxg2+ 53. Kh1 Qf2 54. Ne4 Qg1# 0-1

[Event "Junior Online 4NCL Division 4"]
[Site "online"]
[Date "2021.09.02"]
[EventDate "2021.09.02"]
[Round "2.126"]
[White "Fearn, Elliot"]
[WhiteElo "1100"]
[WhiteTeam "Wanstead Warriors 3"]
[Black "Song, Ruien"]
[BlackElo "1018"]
[BlackTeam "London Dragons Dysprosium"]
[Result "1/2-1/2"]
[PlyCount "145"]

1. e4 e5 2. Nc3 Bc5 3. Bc4 Nf6 4. d3 Ng4 5. Qxg4 d5 6. Qxg7 Bxf2+ 7. Kxf2 Rf8 8. Bh6 dxc4 9. Qxf8+ Kd7 10. Qxf7+ Qe7 11. Qf5+ Kd8 12. Bg5 Bxf5 13. Bxe7+ Kxe7 14. Nd5+ Kd6 15. Nxc7 Kxc7 16. exf5 Nc6 17. f6 Rf8 18. g4 Rxf6+ 19. Kg3 Nd4 20. g5 Rf4 21. c3 Nf5+ 22. Kh3 Rh4+ 23. Kg2 Rg4+ 24. Kf3 Rf4+ 25. Ke2 cxd3+ 26. Kxd3 e4+ 27. Kd2 e3+ 28. Kd3 Rf2 29. h4 Rd2+ 30. Ke4 Nd6+ 31. Kf3 Nc4 32. h5 Rf2+ 33. Ke4 Kd6 34. g6 hxg6 35. hxg6 Rg2 36. Kf5 Rf2+ 37. Kg5 Ne5 38. g7 Rg2+ 39. Kh6 Nf7+ 40. Kh7 Ng5+ 41. Kg6 Ne6+ 42. Kf5 Rxg7 43. Rd1+ Ke7 44. Rh6 Rg5+ 45. Ke4 Rg4+ 46. Kf5 Rg5+ 47. Ke4 Rg4+ 48. Kf3 Rf4+ 49. Kxe3 Rg4 50. Rh7+ Kf6 51. Rxb7 a6 52. Rd6 a5 53. b4 axb4 54. cxb4 Rxg1 55. b5 Ra1 56. Ra7 Rb1 57. b6 Kf5 58. Rxe6 Kxe6 59. Kd4 Kd6 60. b7 Kc7 61. Kc5 Rxb7 62. Rxb7+ Kxb7 63. Kb4 Ka6 64. a4 Kb6 65. Kb3 Ka5 66. Ka3 Kb6 67. Kb4 Ka6 68. a5 Ka7 69. Kb5 Kb7 70. a6+ Ka7 71. Ka5 Kb8 72. Kb6 Ka8 73. a7 1/2-1/2

[Event "Junior Online 4NCL Division 4"]
[Site "online"]
[Date "2021.09.02"]
[EventDate "2021.09.02"]
[Round "2.128"]
[White "Shivhare, Shaurya"]
[WhiteElo "1075"]
[WhiteTeam "Wanstead Warriors 3"]
[Black "Yang, Mingkun"]
[BlackElo "708"]
[BlackTeam "London Dragons Dysprosium"]
[Result "1-0"]
[PlyCount "55"]

1. e4 e5 2. Nf3 Nc6 3. Bc4 Bc5 4. d3 Nf6 5. Ng5 h6 6. Nxf7 Qe7 7. Nxh8 Kf8 8. Ng6+ Ke8 9. Nxe7 Kxe7 10. O-O d6 11. Nc3 Bg4 12. Ne2 Bxe2 13. Qxe2 Rf8 14. Be3 Bxe3 15. Qxe3 Ng4 16. Qg3 h5 17. f3 Nh6 18. Qxg7+ Ke8 19. Qxh6 Na5 20. Qg6+ Kd8 21. Qxh5 Nxc4 22. dxc4 Ke7 23. f4 exf4 24. Qh4+ Rf6 25. Rxf4 Kd7 26. Qxf6 Ke8 27. Qg7 Kd8 28. Rf8# 1-0

[Event "Junior Online 4NCL Division 4"]
[Site "online"]
[Date "2021.09.02"]
[EventDate "2021.09.02"]
[Round "2.132"]
[White "Devalia, Aadishesh"]
[WhiteElo "1308"]
[WhiteTeam "Chess Challengers C"]
[Black "Liu, Reuben"]
[BlackElo "908"]
[BlackTeam "Surrey Kings 4"]
[Result "1-0"]
[PlyCount "39"]

1. e4 c6 2. d4 d5 3. e5 c5 4. c3 cxd4 5. cxd4 Nc6 6. Nc3 Bf5 7. Nf3 e6 8. Bb5 Bb4 9. O-O a6 10. Bxc6+ bxc6 11. Qa4 Bxc3 12. Qxc6+ Ke7 13. Qxc3 Nh6 14. Bg5+ f6 15. exf6+ gxf6 16. Qc5+ Kf7 17. Bxh6 Re8 18. Rac1 Rc8 19. Qa7+ Kg8 20. Qg7# 1-0

[Event "Junior Online 4NCL Division 4"]
[Site "online"]
[Date "2021.09.02"]
[EventDate "2021.09.02"]
[Round "2.133"]
[White "Salguero, Santiago"]
[WhiteElo "877"]
[WhiteTeam "Surrey Kings 4"]
[Black "Rajaram, Dilip"]
[BlackElo "1206"]
[BlackTeam "Chess Challengers C"]
[Result "0-1"]
[PlyCount "70"]

1. e4 e5 2. f4 exf4 3. d4 Qh4+ 4. g3 fxg3 5. Nf3 Qxe4+ 6. Qe2 Qxe2+ 7. Bxe2 gxh2 8. Rxh2 Nf6 9. Bf4 Bd6 10. Bxd6 cxd6 11. Ng5 Nc6 12. Nc3 Nxd4 13. O-O-O Nxe2+ 14. Nxe2 h6 15. Ne4 Nxe4 16. Rh4 Nf6 17. Rxd6 O-O 18. Nf4 g5 19. Rxh6 Ne4 20. Nh5 Nxd6 21. Nf6+ Kg7 22. Nh7 Rh8 23. Rxd6 Rxh7 24. Rd5 Rh1+ 25. Rd1 Rxd1+ 26. Kxd1 Kf6 27. Kc1 Ke5 28. Kb1 Ke4 29. Kc1 g4 30. Kd1 g3 31. Ke1 Kf3 32. Kf1 d5 33. c3 Bh3+ 34. Kg1 Re8 35. Kh1 Re1# 0-1

[Event "Junior Online 4NCL Division 4"]
[Site "online"]
[Date "2021.09.02"]
[EventDate "2021.09.02"]
[Round "2.134"]
[White "Chandrasekar, Neel"]
[WhiteElo "1230"]
[WhiteTeam "Chess Challengers C"]
[Black "Klijnstra, Olivier"]
[BlackElo "875"]
[BlackTeam "Surrey Kings 4"]
[Result "1-0"]
[PlyCount "135"]

1. e4 d5 2. exd5 Qxd5 3. Nc3 Qa5 4. Bc4 Be6 5. Bxe6 fxe6 6. Nf3 Nd7 7. O-O e5 8. Re1 e6 9. d3 Bd6 10. Be3 O-O-O 11. Qd2 Bb4 12. a3 Bxc3 13. Qxc3 Qxc3 14. bxc3 Ngf6 15. Bg5 Rhf8 16. Nxe5 Nxe5 17. Rxe5 h6 18. Bh4 Ng4 19. Bxd8 Rxd8 20. Rxe6 Rf8 21. f3 Nf6 22. Rb1 b6 23. Re7 Nd5 24. Rxg7 Nxc3 25. Re1 Kb7 26. Ree7 Nd5 27. Rd7 Kc6 28. Rdf7 Re8 29. Kf2 a5 30. c4 Ne3 31. Rxc7+ Kd6 32. Rcd7+ Kc6 33. Rde7 Nd1+ 34. Ke2 Nc3+ 35. Kf1 Rf8 36. Rg6+ Kc5 37. Rxh6 a4 38. h4 Rd8 39. h5 Rxd3 40. Rhe6 Rd1+ 41. Re1 Rd6 42. g4 Rf6 43. Kf2 Kxc4 44. Rh1 Nd5 45. Re4+ Kd3 46. h6 Nf4 47. h7 Ng6 48. h8=Q Nxh8 49. Rxh8 Rc6 50. Rxa4 Rc2+ 51. Kg3 b5 52. Re4 Rc1 53. Rh2 Rg1+ 54. Rg2 Rxg2+ 55. Kxg2 Kc3 56. g5 Kb3 57. g6 Kxa3 58. g7 b4 59. Rxb4 Kxb4 60. g8=Q Kc3 61. Qd5 Kc2 62. Qd4 Kb3 63. Kf2 Kc2 64. Ke3 Kc1 65. Qd2+ Kb1 66. Kd3 Ka1 67. Kc3 Kb1 68. Qb2# 1-0

[Event "Junior Online 4NCL Division 4"]
[Site "online"]
[Date "2021.09.02"]
[EventDate "2021.09.02"]
[Round "2.136"]
[White "Liu, Reuben"]
[WhiteElo "908"]
[WhiteTeam "Surrey Kings 4"]
[Black "Devalia, Aadishesh"]
[BlackElo "1308"]
[BlackTeam "Chess Challengers C"]
[Result "0-1"]
[PlyCount "122"]

1. e4 e5 2. Nf3 Nc6 3. Bb5 Bc5 4. O-O d6 5. Nc3 Bg4 6. h3 Bh5 7. d3 Nf6 8. Bg5 O-O 9. Nd5 Nd4 10. Nxf6+ gxf6 11. Bh6 Nxf3+ 12. gxf3 c6 13. Bxf8 cxb5 14. Bh6 Qd7 15. h4 f5 16. exf5 Qxf5 17. Kh1 Bxf3+ 18. Qxf3 Qxf3+ 19. Kh2 Qg4 20. Rg1 Qxg1+ 21. Kxg1 f6 22. Rf1 Kf7 23. c3 Rg8+ 24. Kh1 Rg4 25. b4 Rxh4+ 26. Kg2 Bxb4 27. cxb4 Rxh6 28. Rc1 Rg6+ 29. Kf1 Ke6 30. Rc7 Rg4 31. Rxh7 Rxb4 32. Rxb7 Ra4 33. Rxb5 Rxa2 34. Rb1 a5 35. Re1 a4 36. d4 a3 37. dxe5 dxe5 38. Kg2 Rb2 39. Ra1 a2 40. Kg3 Kf5 41. f4 exf4+ 42. Kf3 Kg5 43. Ke4 f5+ 44. Kf3 Rc2 45. Rxa2 Rc3+ 46. Ke2 f3+ 47. Kf2 Kg4 48. Ra4+ f4 49. Re4 Re3 50. Rxe3 fxe3+ 51. Kxe3 Kg3 52. Ke4 f2 53. Ke3 f1=Q 54. Kd2 Qf4+ 55. Ke2 Qf3+ 56. Ke1 Qf2+ 57. Kd1 Kf3 58. Kc1 Ke3 59. Kb1 Kd3 60. Ka1 Kc3 61. Kb1 Qb2# 0-1

[Event "Junior Online 4NCL Division 4"]
[Site "online"]
[Date "2021.09.02"]
[EventDate "2021.09.02"]
[Round "2.137"]
[White "Rajaram, Dilip"]
[WhiteElo "1206"]
[WhiteTeam "Chess Challengers C"]
[Black "Salguero, Santiago"]
[BlackElo "877"]
[BlackTeam "Surrey Kings 4"]
[Result "1-0"]
[PlyCount "65"]

1. e4 e5 2. Nf3 Nc6 3. Bc4 Bc5 4. Nc3 Nf6 5. Ng5 Qe7 6. Nd5 Nxd5 7. Bxd5 Qxg5 8. O-O Nd4 9. d3 Qg6 10. c3 Nc6 11. Be3 Bxe3 12. fxe3 d6 13. Bxf7+ Qxf7 14. Rxf7 Kxf7 15. Qh5+ g6 16. Rf1+ Ke8 17. Qh6 Ne7 18. Qg7 Rg8 19. Qxh7 Rf8 20. Re1 g5 21. d4 exd4 22. exd4 Bg4 23. e5 d5 24. h3 Bf5 25. Qg7 Rg8 26. Qf6 Rg6 27. Qh8+ Rg8 28. Qh5+ Bg6 29. Qxg5 Bd3 30. Qf4 a5 31. e6 Rf8 32. Qxc7 Rc8 33. Qd7# 1-0

[Event "Junior Online 4NCL Division 4"]
[Site "online"]
[Date "2021.09.02"]
[EventDate "2021.09.02"]
[Round "2.138"]
[White "Klijnstra, Olivier"]
[WhiteElo "875"]
[WhiteTeam "Surrey Kings 4"]
[Black "Chandrasekar, Neel"]
[BlackElo "1230"]
[BlackTeam "Chess Challengers C"]
[Result "0-1"]
[PlyCount "92"]

1. e4 e5 2. Nf3 Nc6 3. d4 exd4 4. Nxd4 Qh4 5. Bd3 Nxd4 6. g3 Qd8 7. Bc4 Nc6 8. Qh5 Qe7 9. Bg5 Qb4+ 10. c3 Qxc4 11. Nd2 Qe6 12. O-O-O Nf6 13. Bxf6 Qxf6 14. e5 Qg6 15. Qxg6 hxg6 16. e6 dxe6 17. Nc4 Bc5 18. Rhe1 O-O 19. Ne5 Nxe5 20. Rxe5 Bd6 21. Rg5 b6 22. Rg4 Bb7 23. Rh4 Rfd8 24. Rh3 Bc5 25. Re1 Rd5 26. Re4 Rh5 27. Rf4 Rxh3 28. b4 Bd6 29. Rd4 Rxh2 30. f4 Rxa2 31. g4 Rf2 32. f5 exf5 33. gxf5 Rxf5 34. c4 Rf4 35. Rxf4 Bxf4+ 36. Kc2 g5 37. b5 g4 38. c5 g3 39. cxb6 cxb6 40. Kd3 g2 41. Ke2 g1=Q 42. Kd3 Rd8+ 43. Kc4 Qc5+ 44. Kb3 Rd3+ 45. Kb2 Qb4+ 46. Kc2 Qb3# 0-1

[Event "Junior Online 4NCL Division 4"]
[Site "online"]
[Date "2021.09.02"]
[EventDate "2021.09.02"]
[Round "2.141"]
[White "Tewari, Vivaan"]
[WhiteElo "1080"]
[WhiteTeam "Chess Challengers F"]
[Black "Chung, Vince"]
[BlackElo "1157"]
[BlackTeam "Colchester Juniors C"]
[Result "1-0"]
[PlyCount "67"]

1. d4 d5 2. Nc3 e6 3. Nf3 c5 4. Bg5 Be7 5. Bxe7 Qxe7 6. dxc5 Qxc5 7. Qd2 Nf6 8. O-O-O a5 9. a3 b5 10. e4 O-O 11. exd5 exd5 12. Bxb5 Qxf2 13. Qxf2 Ng4 14. Qe2 Na6 15. Bxa6 Bxa6 16. Qe1 Rfe8 17. Qg1 Rad8 18. Nxd5 Re2 19. Ne7+ Kf8 20. Rxd8+ Kxe7 21. Rd4 Nf2 22. Qe1 Nxh1 23. Qxe2+ Bxe2 24. Re4+ Kf6 25. Rxe2 Kf5 26. Nh4+ Kg4 27. Nf3 h5 28. c4 g5 29. c5 f5 30. c6 h4 31. c7 h3 32. gxh3+ Kxh3 33. c8=Q g4 34. Qh8# 1-0

[Event "Junior Online 4NCL Division 4"]
[Site "online"]
[Date "2021.09.02"]
[EventDate "2021.09.02"]
[Round "2.142"]
[White "Kariyawasam, Alexander"]
[WhiteElo "1114"]
[WhiteTeam "Colchester Juniors C"]
[Black "Kulkarni, Esha"]
[BlackElo "1070"]
[BlackTeam "Chess Challengers F"]
[Result "1-0"]
[PlyCount "85"]

1. e4 e5 2. Nf3 Nc6 3. Bc4 Bc5 4. O-O Nf6 5. Nc3 O-O 6. d3 d6 7. Be3 Bb6 8. Bg5 h6 9. Be3 Be6 10. Bb3 Qe7 11. d4 Ng4 12. Bc1 exd4 13. Nxd4 Nxd4 14. h3 Nf6 15. Be3 d5 16. Bxd4 Bxd4 17. Qxd4 dxe4 18. Nxe4 Nxe4 19. Qxe4 Bxb3 20. Qxe7 Bxc2 21. Qxc7 Be4 22. f3 Bd5 23. Rfd1 Rad8 24. Qc5 Bc6 25. Rxd8 Rxd8 26. Qxa7 b5 27. Qb6 Rc8 28. Rd1 Kh7 29. Rd8 Rxd8 30. Qxd8 Bb7 31. Qd3+ g6 32. Qxb5 Bc8 33. Kf2 h5 34. Ke3 Kh6 35. Kf4 Kg7 36. Qe5+ Kh7 37. Kg5 Kg8 38. Kf6 Kh7 39. Kg5 Kg8 40. Qe8+ Kg7 41. Qxc8 Kh7 42. Kf6 Kh6 43. Qh8# 1-0

[Event "Junior Online 4NCL Division 4"]
[Site "online"]
[Date "2021.09.02"]
[EventDate "2021.09.02"]
[Round "2.143"]
[White "Garg, Arnav"]
[WhiteElo "1050"]
[WhiteTeam "Chess Challengers F"]
[Black "He, Kingsley"]
[BlackElo "934"]
[BlackTeam "Colchester Juniors C"]
[Result "1-0"]
[PlyCount "25"]

1. e4 c6 2. d4 d5 3. e5 f6 4. exf6 Nxf6 5. Nf3 Bg4 6. h3 Bf5 7. Bd3 Bxd3 8. Qxd3 e6 9. O-O Bd6 10. Ng5 Qe7 11. Re1 O-O 12. Rxe6 Qxe6 13. Nxe6 1-0